| Tag |
First Indicator |
Second Indicator |
Subfields |
| LEADER |
00000cam a2200000 a 4500 |
| 001 |
in00002644521 |
| 005 |
20211120160957.0 |
| 006 |
m d f |
| 007 |
cr bn||||||||| |
| 008 |
110215s2010 dcua sb f000 0 eng c |
| 035 |
|
|
|a (OCoLC)ocn701924146
|
| 040 |
|
|
|a GPO
|c GPO
|d GPO
|d MvI
|d UtOrBLW
|
| 042 |
|
|
|a pcc
|
| 043 |
|
|
|a n-us---
|
| 049 |
|
|
|a WWW
|
| 050 |
1 |
4 |
|a KF27.5
|b .E544 2009l
|
| 074 |
|
|
|a 1009-E (online)
|
| 086 |
0 |
|
|a Y 4.2:EN 2/G 51/14
|
| 088 |
|
|
|a Serial no. 111-6 (United States. Congress. House. Select Committee on Energy Independence and Global Warming)
|
| 110 |
1 |
|
|a United States.
|b Congress.
|b House.
|b Select Committee on Energy Independence and Global Warming.
|
| 245 |
1 |
0 |
|a Global warming's growing concerns :
|b impacts on agriculture and forestry : hearing before the Select Committee on Energy Independence and Global Warming, House of Representatives, One Hundred Tenth [as printed] Congress, second [i.e. first] session, June 18, 2009.
|
| 264 |
|
1 |
|a Washington :
|b U.S. G.P.O.,
|c 2010.
|
| 300 |
|
|
|a 1 online resource (iii, 116 pages) :
|b illustrations
|
| 336 |
|
|
|a text
|b txt
|2 rdacontent
|
| 337 |
|
|
|a computer
|b c
|2 rdamedia
|
| 338 |
|
|
|a online resource
|b cr
|2 rdacarrier
|
| 500 |
|
|
|a Title from title screen (viewed on Feb. 15, 2011).
|
| 504 |
|
|
|a Includes bibliographical references.
|
| 500 |
|
|
|a "Serial number 111-6."
|
| 500 |
|
|
|a Electronic resource.
|
| 650 |
|
0 |
|a Global warming
|z United States.
|
| 650 |
|
0 |
|a Plants
|x Effect of global warming on
|z United States.
|
| 650 |
|
0 |
|a Trees
|x Effect of global warming on
|z United States.
|
| 650 |
|
0 |
|a Crops and climate
|z United States.
|
| 650 |
|
0 |
|a Forest productivity
|x Climatic factors
|z United States.
|
| 776 |
0 |
8 |
|i Print version:
|a United States. Congress. House. Select Committee on Energy Independence and Global Warming.
|t Global warming's growing concerns : impacts on agriculture and forestry
|h iii, 116 p.
|w (OCoLC)701927531
|
| 776 |
0 |
8 |
|i Microfiche:
|a United States. Congress. House. Select Committee on Energy Independence and Global Warming.
|t Global warming's growing concerns : impacts on agriculture and forestry
|h iii, 116 p.
|w (OCoLC)713834035
|
| 856 |
4 |
0 |
|u https://purl.fdlp.gov/GPO/gpo4079
|t 0
|
| 999 |
|
|
|a MARS
|
| 999 |
f |
f |
|s b237cd63-498d-3088-a674-a24afdd14e29
|i 032c9c3c-b09a-378c-94f0-13e5d4a40a54
|t 0
|
| 952 |
f |
f |
|a Texas A&M University
|b College Station
|c Electronic Resources
|d Available Online
|t 0
|e Y 4.2:EN 2/G 51/14
|h Superintendent of Documents classification
|
| 998 |
f |
f |
|a Y 4.2:EN 2/G 51/14
|t 0
|l Available Online
|